Modernus Olomucensis dioecesis meae status
| Titel: | Modernus Olomucensis dioecesis meae status : Le visite Ad Limina del Francesco cardinale Dietrichstein, vescovo di Olomouc (1570-1636) |
|---|---|
| Verfasser: | |
| In: |
Römische historische Mitteilungen, Band 50 (2008), Seite 335-382 alle Artikel anzeigen |
| Veröffentlicht: | 2008 |
| Format: | Aufsatz |
| Sprache: | Italienisch |
| Hinweise zum Inhalt: |
zusätzliche Angaben
|
X
alg: 39263848 001A $01999:11-11-16 001B $01999:21-05-21 $t16:53:03.000 001C $06050:19-11-16 $t08:50:54.000 001D $01999:11-11-16 001U $0utf8 001X $00 002@ $0Aox 003@ $0392638487 007A $0392638487 $aHEB 007T $0Herdc0074208m 009P $A2 $3zusätzliche Angaben $uhttp://dx.doi.org/10.1553/rhm50s335 010@ $aita 011@ $a2008 021A $aModernus Olomucensis dioecesis meae status $dLe visite Ad Limina del Francesco cardinale Dietrichstein, vescovo di Olomouc (1570-1636) 028A $aParma $dTomáš 031A $d50 $h335-382 $j2008 039B $aIn $8--Abvc--. Römische historische Mitteilungen . - Wien : Verl. d. Österreichischen Akad. d. Wissenschaften, 1958-. - ISSN 0080-3790 $x200800000500000665 $9047289082 045F $a200.94371 $eDDC23BSB 045F/01 $a200.9 045F/03 $g4371 045T $a1 $a8 lok: 39263848 78 exp: 39263848 78 1 #EPN 201B/01 $025-06-21 $t22:50:56.000 201U/01 $0utf8 203@/01 $0788737171 208@/01 $a11-11-16 $be 209A/01 $a/ $f000 $x00 220C/01 $aTitelaufnehmer: sm 220C/01 $aHerkunft: HI Marburg 220C/01 $aAnmerkung: *ng 244Z/01 $#Tschechien $#Tschechische Republik $#Tschechische Republik $#Tschechenland $#Tschechei Tschechien $#Česká Republika $#Czech Republic $#ČR $74303381-7 $8--Tg1--Tschechien $x01 $9086659812 244Z/01 $2Trx $#Böhmen $#Bohemia $#Czechy $8--Trx--Čechy $x02 $9391188941 244Z/01 $#Olmüz $#Olomouc Olmütz $74075643-9 $8--Tg1--Olmütz $x03 $9085213993 244Z/01 $#Dieterichstein, Franz von $#Dieterichstain, Frantz $#Dietrichstain, Franz von $#Dietrichstain, Frantz von $#Ditrichštejna, František za $#Dietrichštejn, František $#Dietrichstein, Franciscus a $#Dietrichstenius, Franciscus $#Dietrichštejna, František z $#Dietrichstein, Franz Seraph von $#Franz Seraph$#Franz $#Dietrichstein, Franz von Kardinal $#Dietrichstein, Frantz von $7119299941 $8--Tp1--Dietrichstein, Franz$cvon$Z1570-1636 $x04 $9087639785 244Z/01 $2Trx $#kirik, Rooma-Katoliku $#bažnyčia, Romos katalikų $#Church, Roman-Catholic $#Római katolikus templom $#kościół rzymskokatolicki $#cirkev rímsko-katolícka $#církev římsko-katolická $8--Trx--Kirche, römisch-katholische $x05 $9391382845 244Z/01 $2Trx $#vaimulikkond, rooma-katoliku $#Romos katalikų dvasininkai $#clergy, Roman-Catholic $#papság, római-katolikus $#duchowieństwo rzymskokatolickie $#duchovenstvo rímsko-katolícke $#duchovenstvo římsko-katolické $#Klerus $#Priester $#Pfarrer $#kler $#księża katoliccy $#klérus $#kňazi $#farári $#klérus $#kněží $#faráři $8--Trx--Geistliche, römisch-katholische $x06 $9391373757 244Z/01 $2Trx $8--Trx--Zeitschriftenaufsatz $x07 $9391384341 244Z/01 $2Trx $8--Trx--elektronische Ressource $x08 $939138452X 245Z/01 $a10.02.02.01 $x01 247C/01 $82080>Marburg/Lahn, Herder-Institut, Forschungsbibliothek, Bibliographieportal $9336309341
| LEADER | 00000caa a22000002c 4500 | ||
|---|---|---|---|
| 001 | 392638487 | ||
| 003 | DE-603 | ||
| 005 | 20210521165303.0 | ||
| 007 | tu | ||
| 008 | 161111s2008 xx |||| | u00||u|ita c | ||
| 035 | |a (DE-599)HEB392638487 | ||
| 040 | |a DE-603 |b ger |c DE-603 |d DE-603 | ||
| 041 | |a ita | ||
| 082 | 0 | 4 | |8 1\u |a 200.94371 |q DE-101 |2 23/BSB |
| 084 | |a 1 |a 8 |2 ssgn | ||
| 085 | |8 1\u |b 200.9 | ||
| 085 | |8 1\u |z 2 |s 4371 | ||
| 100 | 1 | |a Parma, Tomáš | |
| 245 | 0 | 0 | |a Modernus Olomucensis dioecesis meae status |b Le visite Ad Limina del Francesco cardinale Dietrichstein, vescovo di Olomouc (1570-1636) |
| 264 | 0 | |c 2008 | |
| 773 | 0 | 8 | |i In |t Römische historische Mitteilungen |d Wien : Verl. d. Österreichischen Akad. d. Wissenschaften, 1958- |x 0080-3790 |g Band 50 (2008), Seite 335-382 |w (DE-603)047289082 |w (DE-600)206126-0 |
| 856 | 4 | 2 | |u http://dx.doi.org/10.1553/rhm50s335 |3 zusätzliche Angaben |
| 924 | 0 | |9 2080 |a (DE-603)788737171 |b DE-2080 |c HES |d d |g / | |


